000 00676nam a2200265 a 4500
999 _c2956
_d2956
006 a||||gr|||| 001 0
007 ta
008 050831s2006 iia grb 001 0 eng d
020 _a9788126508105
040 _aKO
_beng
041 0 _aeng
044 _aii
082 0 0 _a510
_bB6305
_223
100 1 _aBoas, Mary L.
245 1 0 _aMathematical methods in the physical sciences /
_cMary L. Boas.
250 _a3rd ed.
260 _aNew Delhi :
_bWiley India Pvt. Ltd.,
_c1980.
300 _axviii, 839 p. :
_bill. ;
_c23 cm.
500 _aIncludes index.
650 0 _aMathematics
_vTextbooks.
904 _aRUDRA_R
905 _aR_RANJAN
942 _cGR